[Event "Novokuznetsk-ch"]
[Site "Novokuznetsk"]
[Date "2016.05.04"]
[Round "4"]
[White "Lomantsov, Evgenij"]
[Black "Lavrov, Sergey Viktorovich"]
[Result "0-1"]
[WhiteElo "2285"]
[BlackElo "2419"]
[PlyCount "76"]
[EventDate "2016.05.01"]
[EventType "swiss"]
[EventRounds "9"]
[EventCountry "RUS"]
[SourceTitle "CBM 172 Extra"]
[Source "ChessBase"]
[SourceDate "2016.06.21"]
[SourceVersion "1"]
[SourceVersionDate "2016.06.21"]
[SourceQuality "1"]

1. Nf3 d6 2. d4 Nf6 3. Nc3 Nbd7 4. e4 e5 5. Be2 c6 6. a4 a5 7. 0-0 Be7 8. h3 0-0 9. Be3 Qc7 10. Nd2 Re8 11. f4 b6 12. g4 exd4 13. Bxd4 h6 14. g5 hxg5 15. fxg5 Nh7 16. Rxf7 Kxf7 17. Bc4+ Kg6 18. h4 Nxg5 19. hxg5 d5 20. Qf3 Ne5 21. Qg2 dxc4 22. Ne2 Rf8 23. Qh2 Bc5 24. Bxc5 bxc5 25. Nf4+ Rxf4 26. Qxf4 Qe7 27. Kh1 Bd7 28. Rg1 Rf8 29. Qh2 Qe6 30. Rg3 Rf4 31. Rg1 Qh3 32. Rg2 Qxh2+ 33. Kxh2 Rh4+ 34. Kg3 Rg4+ 35. Kf2 Rxg2+ 36. Kxg2 Kxg5 37. Kg3 c3 38. bxc3 c4 0-1

[Event "Novokuznetsk-ch"]
[Site "Novokuznetsk"]
[Date "2013.12.01"]
[Round "5"]
[White "Lavrov, Sergey Viktorovich"]
[Black "Chernov, Mikhail"]
[Result "1-0"]
[WhiteElo "2408"]
[BlackElo "2219"]
[PlyCount "115"]
[EventDate "2013.11.17"]
[EventType "swiss"]
[EventRounds "9"]
[EventCountry "RUS"]
[SourceTitle "EXT 2015"]
[Source "ChessBase"]
[SourceDate "2014.11.20"]
[SourceVersion "1"]
[SourceVersionDate "2014.11.20"]
[SourceQuality "1"]

1. d4 d5 2. c4 c6 3. cxd5 cxd5 4. Bf4 Qb6 5. Nc3 Nf6 6. e3 e6 7. Bd3 Bd6 8. Bxd6 Qxd6 9. f4 a6 10. Nf3 b5 11. 0-0 Bb7 12. Ne5 Nbd7 13. g4 Ne4 14. Bxe4 dxe4 15. g5 Rc8 16. Qh5 0-0 17. Rf2 g6 18. Qh4 h5 19. gxh6 Kh7 20. Rg2 Rce8 21. Kh1 Qe7 22. Qh3 Rg8 23. Rag1 Nf8 24. Ne2 f6 25. Ng4 Bd5 26. b3 Nd7 27. Ng3 Qf8 28. Nh5 gxh5 29. Qxh5 f5 30. Ne5 Nf6 31. Qe2 Qxh6 32. Nf7 Qh5 33. Ng5+ Rxg5 34. fxg5 Qxe2 35. Rxe2 Nh5 36. g6+ Kg7 37. Rc2 Re7 38. Rg5 Kh6 39. h4 Rg7 40. Rc8 Rxg6 41. Rh8+ Kg7 42. Rhxh5 a5 43. Rxg6+ Kxg6 44. Rg5+ Kh6 45. Kg2 Kh7 46. Kg3 a4 47. bxa4 bxa4 48. a3 Kh6 49. Kf4 Bb3 50. Ke5 Ba2 51. Rg8 Kh5 52. Rh8+ Kg4 53. h5 Kg5 54. h6 Kg6 55. h7 Bb3 56. d5 exd5 57. Rd8 Kxh7 58. Kxf5 1-0

[Event "Novokuznetsk-ch"]
[Site "Novokuznetsk"]
[Date "2013.11.30"]
[Round "4"]
[White "Leonov, A."]
[Black "Lavrov, Sergey Viktorovich"]
[Result "0-1"]
[WhiteElo "2141"]
[BlackElo "2408"]
[PlyCount "52"]
[EventDate "2013.11.17"]
[EventType "swiss"]
[EventRounds "9"]
[EventCountry "RUS"]
[SourceTitle "EXT 2015"]
[Source "ChessBase"]
[SourceDate "2014.11.20"]
[SourceVersion "1"]
[SourceVersionDate "2014.11.20"]
[SourceQuality "1"]

1. e4 e5 2. Nf3 Nf6 3. Nc3 Bb4 4. d3 d6 5. Bg5 c6 6. Qd2 Nbd7 7. Be2 h6 8. Bxf6 Qxf6 9. a3 Ba5 10. 0-0 0-0 11. h3 Re8 12. Nh2 Nf8 13. f4 exf4 14. Rxf4 Qd4+ 15. Kh1 Ng6 16. Rf3 Rxe4 17. b4 Rxe2 18. Qxe2 Qxc3 19. Qe8+ Kh7 20. Raf1 Qe5 21. Qxf7 Bb6 22. d4 Bxd4 23. Rd3 Bb6 24. Nf3 Qe7 25. Qxe7 Nxe7 26. Rxd6 Nf5 0-1

[Event "Ulan-Ude Sangha"]
[Site "Ulan-Ude"]
[Date "2013.09.14"]
[Round "9"]
[White "Malakhatko, Vadim"]
[Black "Lavrov, Sergey Viktorovich"]
[Result "1-0"]
[WhiteElo "2531"]
[BlackElo "2402"]
[PlyCount "47"]
[EventDate "2013.09.08"]
[EventType "tourn"]
[EventRounds "11"]
[EventCountry "RUS"]
[EventCategory "7"]
[SourceTitle "EXT 2018"]
[Source "ChessBase"]
[SourceDate "2017.10.13"]
[SourceVersion "1"]
[SourceVersionDate "2017.10.13"]
[SourceQuality "1"]

1. d4 d5 2. c4 c6 3. Nf3 dxc4 4. e3 Be6 5. Nbd2 Nf6 6. Nxc4 Bd5 7. a3 a5 8. Ncd2 e6 9. Qc2 c5 10. e4 Bc6 11. dxc5 Nbd7 12. Nd4 Bxc5 13. Nxc6 bxc6 14. Be2 h5 15. h3 Qb6 16. 0-0 Qc7 17. Qc3 Ng4 18. hxg4 hxg4 19. g3 f5 20. exf5 exf5 21. Nb3 Bd6 22. Nd4 Ne5 23. Nxf5 0-0-0 24. Bf4 1-0

[Event "Kemerovo Region Cup"]
[Site "Kemerovo"]
[Date "2013.08.31"]
[Round "3"]
[White "Chernov, Mikhail"]
[Black "Lavrov, Sergey Viktorovich"]
[Result "0-1"]
[WhiteElo "2229"]
[BlackElo "2364"]
[PlyCount "74"]
[EventDate "2013.08.28"]
[EventType "swiss"]
[EventRounds "7"]
[EventCountry "RUS"]
[SourceTitle "EXT 2014"]
[Source "ChessBase"]
[SourceDate "2013.11.20"]
[SourceVersion "1"]
[SourceVersionDate "2013.11.20"]
[SourceQuality "1"]

1. e4 e6 2. d4 d5 3. Nc3 Nf6 4. e5 Nfd7 5. f4 c5 6. Nf3 Nc6 7. Be3 cxd4 8. Nxd4 Bc5 9. Qd2 a6 10. 0-0-0 0-0 11. h4 Nxd4 12. Bxd4 b5 13. Rh3 b4 14. Na4 Bxd4 15. Qxd4 a5 16. f5 Qc7 17. Re3 Ba6 18. Bxa6 Rxa6 19. f6 Rc8 20. c3 bxc3 21. Nxc3 Qc4 22. Rg3 Qxd4 23. Rxg7+ Kh8 24. Rxd4 Nxe5 25. g4 Rac6 26. g5 Rc4 27. Rxc4 Rxc4 28. Kd1 Rxh4 29. Nb5 h5 30. Nd6 Rg4 31. g6 fxg6 32. Re7 Rf4 33. Rxe6 h4 34. Rxe5 Rxf6 35. Rxd5 h3 36. Ne4 h2 37. Ng3 Rf4 0-1

[Event "Novokuznetsk-ch"]
[Site "Novokuznetsk"]
[Date "2013.05.01"]
[Round "1"]
[White "Storchak, Vitalij"]
[Black "Lavrov, Sergey Viktorovich"]
[Result "0-1"]
[WhiteElo "2099"]
[BlackElo "2373"]
[PlyCount "62"]
[EventDate "2013.05.01"]
[EventType "swiss"]
[EventRounds "9"]
[EventCountry "RUS"]
[SourceTitle "CBM 154 Extra"]
[Source "ChessBase"]
[SourceDate "2013.06.25"]
[SourceVersion "2"]
[SourceVersionDate "2013.06.25"]
[SourceQuality "1"]

1. e4 e5 2. Nc3 Nf6 3. g3 c6 4. Bg2 d5 5. d3 dxe4 6. dxe4 Qxd1+ 7. Nxd1 Nbd7 8. Ne2 Bd6 9. h3 Nc5 10. Ndc3 b5 11. a3 Ke7 12. Be3 a5 13. f4 Nfd7 14. Kf2 Bb7 15. Rad1 b4 16. Nb1 Na4 17. b3 Nab6 18. a4 Rhd8 19. Nc1 Bc5 20. Nd3 Bxe3+ 21. Kxe3 c5 22. fxe5 c4 23. bxc4 Nxc4+ 24. Kf4 Nf8 25. Rhe1 Ng6+ 26. Kf3 Ngxe5+ 27. Nxe5 Nxe5+ 28. Kf2 Bc6 29. Nd2 Bxa4 30. Nb3 Bxb3 31. cxb3 Nd3+ 0-1